Environmental science and engineering / (Record no. 331606)

000 -LEADER
fixed length control field 01264pam a2200289 a 4500
001 - CONTROL NUMBER
control field 4328575
003 - CONTROL NUMBER IDENTIFIER
control field NUST
005 - DATE AND TIME OF LATEST TRANSACTION
control field 20171005123632.0
008 - FIXED-LENGTH DATA ELEMENTS--GENERAL INFORMATION
fixed length control field 880426s1989 njua b 001 0 eng
010 ## - LIBRARY OF CONGRESS CONTROL NUMBER
LC control number 88015543
020 ## - INTERNATIONAL STANDARD BOOK NUMBER
International Standard Book Number 0132831775 :
Terms of availability $34.50
040 ## - CATALOGING SOURCE
Original cataloging agency DLC
Transcribing agency DLC
Modifying agency DLC
050 00 - LIBRARY OF CONGRESS CALL NUMBER
Classification number TD146
Item number .H45 1989
082 00 - DEWEY DECIMAL CLASSIFICATION NUMBER
Classification number 628 HEN
Edition number 19
100 1# - MAIN ENTRY--PERSONAL NAME
Personal name Henry, J. Glynn,
Dates associated with a name 1926-
9 (RLIN) 5271
245 10 - TITLE STATEMENT
Title Environmental science and engineering /
Statement of responsibility, etc. by J. Glynn Henry and Gary W. Heinke ; with contributions by other staff members of the University of Toronto, Ian Burton ... [et al.].
260 ## - PUBLICATION, DISTRIBUTION, ETC.
Place of publication, distribution, etc. Englewood Cliffs, N.J. :
Name of publisher, distributor, etc. Prentice Hall,
Date of publication, distribution, etc. c1989.
300 ## - PHYSICAL DESCRIPTION
Extent xix, 728 p. :
Other physical details ill. ;
Dimensions 24 cm.
500 ## - GENERAL NOTE
General note H.B
504 ## - BIBLIOGRAPHY, ETC. NOTE
Bibliography, etc. note Includes bibliographies and index.
650 #0 - SUBJECT ADDED ENTRY--TOPICAL TERM
Topical term or geographic name entry element Environmental engineering.
9 (RLIN) 1550
650 #0 - SUBJECT ADDED ENTRY--TOPICAL TERM
Topical term or geographic name entry element Environmental protection.
9 (RLIN) 5272
650 #0 - SUBJECT ADDED ENTRY--TOPICAL TERM
Topical term or geographic name entry element Human ecology.
9 (RLIN) 3629
700 1# - ADDED ENTRY--PERSONAL NAME
Personal name Heinke, Gary W.,
Dates associated with a name 1932-
9 (RLIN) 5273
906 ## - LOCAL DATA ELEMENT F, LDF (RLIN)
a 7
b cbc
c orignew
d 1
e ocip
f 19
g y-gencatlg
942 ## - ADDED ENTRY ELEMENTS (KOHA)
Source of classification or shelving scheme
Koha item type Book
Call number prefix IESE
Holdings
Withdrawn status Lost status Source of classification or shelving scheme Damaged status Not for loan Collection code Permanent Location Current Location Shelving location Date acquired Total Checkouts Full call number Barcode Date last seen Price effective from Koha item type
            Institute of Environmental Science and Engineering (IESE) Institute of Environmental Science and Engineering (IESE) General Stacks 10/05/2017   628 HEN IESE-127 10/05/2017 10/05/2017 Book
© 2023 Central Library, National University of Sciences and Technology. All Rights Reserved.